Rắn làm thuốc và thuốc trị rắn cắn

Tallennettuna:
Bibliografiset tiedot
Päätekijä: Võ Văn Chi
Aineistotyyppi: Kirja
Kieli:Undetermined
Julkaistu: H. KHKT 2000
Aiheet:
Tagit: Lisää tagi
Ei tageja, Lisää ensimmäinen tagi!
Thư viện lưu trữ: Trung tâm Học liệu Trường Đại học Cần Thơ
LEADER 00543nam a2200193Ia 4500
001 CTU_62581
008 210402s9999 xx 000 0 und d
020 |b 30000 
082 |a 615.942 
082 |b Ch300 
100 |a Võ Văn Chi 
245 0 |a Rắn làm thuốc và thuốc trị rắn cắn 
245 0 |c Võ Văn Chi và Nguyễn Đức Minh 
260 |a H. 
260 |b KHKT 
260 |c 2000 
650 |a poisonous animals,venom 
904 |i Minh 
980 |a Trung tâm Học liệu Trường Đại học Cần Thơ